000 00369 a2200109 4500
082 _a620.106 MAN
100 _aManohar, M.
245 _aFluid mechanics : hydraulic machinery and advanced hydraulics /
_cM. Manohar, P. Krishnamachar
250 _avol 2, Revised edition
260 _aNew Delhi :
_bVikas Publishing House,
_c1996
300 _aviii, 505p. :
_bill. ;
_c23 cm.
650 _aFluid mechanics
999 _c786
_d786